000 00190 a2200097 4500
020 _a9780060835743
041 _aspa
100 _aGinger Foglesong Guy
245 _aPerros Perros
942 _cK
999 _c26429
_d26429